Most Streamed Jay-Z Songs - Statistics

General Stats
  • This quiz has been taken 76 times
  • The average score is 7 of 20
Answer Stats
# Streams Answer % Correct
4 1,216,338,559 Empire State Of Mind
82%
2 1,603,246,263 N***** In Paris
80%
17 249,455,935 99 Problems
61%
13 280,819,673 Otis
61%
7 618,159,539 Run This Town
57%
3 1,494,492,671 Crazy In Love
52%
1 1,814,704,747 Umbrella
48%
8 465,743,495 No Church In The Wild
41%
15 260,427,911 Hard Knock Life (Ghetto Anthem)
39%
5 1,134,345,244 Numb / Encore
39%
6 653,122,083 Drunk in Love
34%
9 397,572,462 Monster
27%
20 206,122,253 03' Bonnie & Clyde
25%
12 300,621,144 Pound Cake / Paris Morton Music 2
23%
10 352,222,306 Holy Grail
18%
14 262,890,538 Suit & Tie
14%
16 250,713,551 Gotta Have It
9%
19 207,368,175 Talk That Talk
7%
18 242,666,958 Biking
5%
11 343,195,475 Clique
2%
No matching quizzes found
Score Distribution
Percent of People with Each Score
Percentile by Number Answered
Your Score History
You have not taken this quiz